Esquemas de procedimientos administrativos /

Guardado en:
Autor Principal: Marchevsky, Rubén A.
Formato: Libro
Idioma:Spanish
Publicado: Buenos Aires : Errepar, 2009
Edición:1a. ed.
Materias:
Etiquetas: Agregar Etiqueta
Sin Etiquetas, Sea el primero en etiquetar este registro!
LEADER 00523nam a22001695a 4500
001 DER.der012510
008 180615s2009####ag#||||||||||||||#||spa||
005 20241105093559.0
245 1 0 |a Esquemas de procedimientos administrativos /  |c Rubén A. Marchevsky. 
250 |a 1a. ed. 
260 |a Buenos Aires :  |b Errepar,  |c 2009 
300 |a 158 p. 
500 |a Ley 19.549 - Decreto 1759/72. 
020 |a 9789870109389 
100 1 |a Marchevsky, Rubén A. 
650 7 |a DERECHO ADMINISTRATIVO 
859 |a DERECHO  |b BIB. DERECHO  |h 336.2  |i MAR  |p 007338